Resource use in small rubber holdings in Assam (Record no. 66833)
[ view plain ]
| 000 -LEADER | |
|---|---|
| fixed length control field | 01534nam a2200181Ia 4500 |
| 100 ## - MAIN ENTRY--AUTHOR NAME | |
| Personal name | Maibangsa M |
| 245 #0 - TITLE STATEMENT | |
| Title | Resource use in small rubber holdings in Assam |
| 260 ## - PUBLICATION, DISTRIBUTION, ETC. (IMPRINT) | |
| Name of publisher | Journal of Plantation Crops |
| Year of publication | 2001 |
| 300 ## - PHYSICAL DESCRIPTION | |
| Number of Pages | 31-33 |
| 520 ## - SUMMARY, ETC. | |
| Summary, etc | The resource use and labour requirement and tapping stage of small scale rubber plantations in Assam have been examined in this study. It was found that labour was the most important item of resource used for establishment constituting more than 50 per cent of the total expenditure. Manures and fertilizers were the next important resources used in rubber plantation accounting for 36.65 and 12.72 per cent of the total expenditure during the establishment and tapping period respectively. Labour requirement for one hectare of rubber plantation was also examined in the present study. It is revealed that 637.29 mandays are required for establishing one hectare of rubber plantation and 240.67 mandays are required for maintenance from the tapping stage onwards. Maximum percentage of labour was contributed by male labour. From the above findings it is indicated that expansion of small scale rubber plantations in Assam will contribute towards increased employment in the state, through promotion and setting up of agro-industries related with the rubber plantation sector. |
| 650 ## - SUBJECT ADDED ENTRY--TOPICAL TERM | |
| Topical Term | Assam |
| 650 ## - SUBJECT ADDED ENTRY--TOPICAL TERM | |
| Topical Term | Labour requirement |
| 650 ## - SUBJECT ADDED ENTRY--TOPICAL TERM | |
| Topical Term | Resource use |
| 650 ## - SUBJECT ADDED ENTRY--TOPICAL TERM | |
| Topical Term | Rubber holdings |
| 700 ## - ADDED ENTRY--PERSONAL NAME | |
| Personal name | Subramanian S R |
| 942 ## - ADDED ENTRY ELEMENTS (KOHA) | |
| Koha item type | Journals |
| Withdrawn status | Lost status | Damaged status | Not for loan | Home library | Current library | Shelving location | Date acquired | Serial Enumeration / chronology | Koha item type |
|---|---|---|---|---|---|---|---|---|---|
| Journals | RRII Library | RRII Library | Agricultural economics | 01/01/2021 | Volume 29, Issue 2 | Journals |